[Event "Titled Tuesday intern op 20th July"]
[Site "Chess.com INT"]
[Date "2021.07.20"]
[Round "9"]
[White "Adelman, Charles D"]
[Black "De Souza, Cristiano Gomes"]
[Result "1/2-1/2"]
[WhiteElo "2268"]
[BlackElo "2018"]
[PlyCount "88"]
[EventDate "2021.07.20"]
[EventType "swiss (blitz)"]
[EventRounds "11"]
[EventCountry "USA"]
[SourceTitle "CBM 203 Extra"]
[Source "ChessBase"]
[SourceDate "2021.09.30"]
[SourceVersion "1"]
[SourceVersionDate "2021.09.30"]
[SourceQuality "1"]

1. Nf3 Nf6 2. c4 g6 3. Nc3 Bg7 4. g3 d6 5. Bg2 0-0 6. 0-0 Nc6 7. Rb1 a5 8. a3 e5 9. d3 h6 10. b4 axb4 11. axb4 Nd4 12. Nd2 c6 13. e3 Ne6 14. b5 Bd7 15. bxc6 bxc6 16. Nce4 Nxe4 17. Nxe4 Qc7 18. Qc2 f5 19. Nc3 Rfb8 20. Bd2 Kh7 21. Rxb8 Rxb8 22. Rb1 h5 23. h4 Bf6 24. Be1 Nc5 25. Ne2 Kg7 26. Rxb8 Qxb8 27. Bc3 Qb3 28. Qxb3 Nxb3 29. d4 Be6 30. d5 cxd5 31. cxd5 Bf7 32. Bb4 e4 33. Bxd6 Bxd5 34. Nf4 Bf7 35. Bf1 Nd2 36. Be2 Nc4 37. Bxc4 Bxc4 38. Nh3 Kf7 39. Bf4 Ke6 40. Bg5 Be5 41. Bf4 Bf6 42. Ng5+ Bxg5 43. Bxg5 Be2 44. Bf4 Bg4 1/2-1/2

[Event "Titled Tuesday intern op 20th July"]
[Site "Chess.com INT"]
[Date "2021.07.20"]
[Round "2"]
[White "Adelman, Charles D"]
[Black "Gelman, Alexander"]
[Result "0-1"]
[WhiteElo "2268"]
[BlackElo "2403"]
[PlyCount "60"]
[EventDate "2021.07.20"]
[EventType "swiss (blitz)"]
[EventRounds "11"]
[EventCountry "USA"]
[SourceTitle "CBM 203 Extra"]
[Source "ChessBase"]
[SourceDate "2021.09.30"]
[SourceVersion "1"]
[SourceVersionDate "2021.09.30"]
[SourceQuality "1"]

1. Nf3 c5 2. c4 Nf6 3. Nc3 e6 4. g3 d6 5. Bg2 a6 6. 0-0 Be7 7. d4 cxd4 8. Nxd4 Qc7 9. b3 0-0 10. Bb2 Nbd7 11. Rc1 Ne5 12. h3 Bd7 13. f4 Ng6 14. e4 Rac8 15. Qd2 Qb8 16. g4 h6 17. Rfe1 b5 18. cxb5 axb5 19. a3 b4 20. axb4 Qxb4 21. e5 dxe5 22. fxe5 Bc5 23. exf6 Qxd4+ 24. Qxd4 Bxd4+ 25. Kh1 Bxf6 26. Rcd1 Bxc3 27. Bxc3 Rxc3 28. Rxd7 Rxb3 29. Rc1 Nf4 30. Rc2 Nxh3 0-1

[Event "Titled Tuesday intern op 20th July"]
[Site "Chess.com INT"]
[Date "2021.07.20"]
[Round "1"]
[White "Adelman, Charles D"]
[Black "Nazaretyan, Tigran"]
[Result "1-0"]
[WhiteElo "2268"]
[BlackElo "2316"]
[PlyCount "135"]
[EventDate "2021.07.20"]
[EventType "swiss (blitz)"]
[EventRounds "11"]
[EventCountry "USA"]
[SourceTitle "CBM 203 Extra"]
[Source "ChessBase"]
[SourceDate "2021.09.30"]
[SourceVersion "1"]
[SourceVersionDate "2021.09.30"]
[SourceQuality "1"]

1. Nf3 Nf6 2. c4 d6 3. Nc3 e5 4. g3 b6 5. Bg2 Bb7 6. d3 Nbd7 7. 0-0 g6 8. Bd2 Bg7 9. Rb1 a5 10. a3 0-0 11. b4 axb4 12. axb4 h6 13. Ne1 Qc8 14. Bxb7 Qxb7 15. Ng2 Kh7 16. Ne3 Ne8 17. b5 f5 18. Ned5 Nc5 19. Be3 Qc8 20. Bxc5 dxc5 21. Qc2 Nd6 22. Ne7 Qd7 23. Nc6 Ra3 24. Ra1 Rfa8 25. Rxa3 Rxa3 26. Nd5 e4 27. dxe4 Nxe4 28. Rd1 Qf7 29. Rd3 Ra1+ 30. Rd1 Ra3 31. Rd3 Ra1+ 32. Rd1 Rxd1+ 33. Qxd1 Nc3 34. Nxc3 Bxc3 35. Qd3 Bg7 36. Kg2 h5 37. e4 f4 38. f3 fxg3 39. hxg3 Bd4 40. f4 Qf6 41. e5 Qf7 42. Nxd4 Qd7 43. e6 Qd6 44. e7 Qxe7 45. Nf3 Kh6 46. Ne5 Qe6 47. Qd7 Qg8 48. Nf7+ Kg7 49. Ng5+ Kf6 50. Qc6+ Ke7 51. Qxc7+ Kf6 52. Qxb6+ Kf5 53. Qxc5+ Kg4 54. Qf2 Qxc4 55. Qf3+ Kf5 56. Qe4+ Qxe4+ 57. Nxe4 Ke6 58. Ng5+ Kd5 59. Kf3 Kc5 60. Ke4 Kxb5 61. Ke5 Kc4 62. Kf6 Kd4 63. Kxg6 Ke3 64. Kxh5 Kf2 65. f5 Kxg3 66. f6 Kf4 67. f7 Ke5 68. f8Q 1-0

[Event "Titled Tuesday intern op 20th July"]
[Site "Chess.com INT"]
[Date "2021.07.20"]
[Round "6"]
[White "Rottenwohrer Suarez, Juan"]
[Black "Adelman, Charles D"]
[Result "1-0"]
[WhiteElo "2192"]
[BlackElo "2268"]
[PlyCount "33"]
[EventDate "2021.07.20"]
[EventType "swiss (blitz)"]
[EventRounds "11"]
[EventCountry "USA"]
[SourceTitle "CBM 203 Extra"]
[Source "ChessBase"]
[SourceDate "2021.09.30"]
[SourceVersion "1"]
[SourceVersionDate "2021.09.30"]
[SourceQuality "1"]

1. d4 Nf6 2. c4 e6 3. Nc3 c5 4. Nf3 a6 5. g3 cxd4 6. Nxd4 Qc7 7. Bg2 Qxc4 8. 0-0 Be7 9. e4 d6 10. Be3 0-0 11. Rc1 Qc7 12. Nd5 Nxd5 13. exd5 Qa5 14. dxe6 Bxe6 15. Nxe6 fxe6 16. Bxb7 Ra7 17. Bxa7 1-0

[Event "Titled Tuesday intern op 13th July"]
[Site "Chess.com INT"]
[Date "2021.07.13"]
[Round "2"]
[White "Adelman, Charles D"]
[Black "Dobrowolski, Piotr"]
[Result "0-1"]
[WhiteElo "2268"]
[BlackElo "2413"]
[PlyCount "56"]
[EventDate "2021.07.13"]
[EventType "swiss (blitz)"]
[EventRounds "11"]
[EventCountry "USA"]
[SourceTitle "CBM 203 Extra"]
[Source "ChessBase"]
[SourceDate "2021.09.30"]
[SourceVersion "1"]
[SourceVersionDate "2021.09.30"]
[SourceQuality "1"]

1. Nf3 Nf6 2. c4 g6 3. Nc3 Bg7 4. g3 0-0 5. Bg2 d6 6. 0-0 c5 7. d4 Nc6 8. dxc5 dxc5 9. Be3 Qa5 10. Qa4 Qxa4 11. Nxa4 b6 12. Ne5 Nxe5 13. Bxa8 Bd7 14. Nxc5 Rxa8 15. Nxd7 Nfxd7 16. Rac1 Ng4 17. Bg5 Bxb2 18. Rc2 Bf6 19. Bxf6 Ngxf6 20. Rd1 Nc5 21. Rcd2 Kg7 22. Rd8 Rxd8 23. Rxd8 Nfe4 24. Ra8 a5 25. Rb8 Na4 26. Rb7 e6 27. f3 Nec3 28. Kf2 Nxa2 0-1

[Event "Titled Tuesday intern op 13th July"]
[Site "Chess.com INT"]
[Date "2021.07.13"]
[Round "5"]
[White "Ghazarian, Kirk Vagho"]
[Black "Adelman, Charles D"]
[Result "1-0"]
[WhiteElo "2220"]
[BlackElo "2268"]
[PlyCount "85"]
[EventDate "2021.07.13"]
[EventType "swiss (blitz)"]
[EventRounds "11"]
[EventCountry "USA"]
[SourceTitle "CBM 203 Extra"]
[Source "ChessBase"]
[SourceDate "2021.09.30"]
[SourceVersion "1"]
[SourceVersionDate "2021.09.30"]
[SourceQuality "1"]

1. e4 e5 2. Nc3 Bc5 3. Bc4 d6 4. Nge2 Nf6 5. 0-0 0-0 6. d4 exd4 7. Nxd4 Re8 8. Re1 Bd7 9. Nb3 Bb6 10. h3 a6 11. Be3 Bxe3 12. Rxe3 Nc6 13. Nd5 b5 14. Nxf6+ Qxf6 15. Rf3 Qxf3 16. Qxf3 Ne5 17. Bxf7+ Nxf7 18. Rd1 Bc6 19. Rd4 Re5 20. Na5 Bd7 21. Rd5 Rae8 22. Rxe5 Rxe5 23. Qd3 Nd8 24. f4 Re7 25. Qd5+ Nf7 26. Qa8+ Re8 27. Qxa6 Rxe4 28. Qa8+ Re8 29. Qb7 Be6 30. Qxb5 Kf8 31. b3 Nh6 32. g4 Nf7 33. Qh5 h6 34. Nc6 Bd7 35. Nd4 Re1+ 36. Kf2 Rc1 37. Qa5 c5 38. Qa8+ Be8 39. Ne6+ Ke7 40. Nxg7 Rxc2+ 41. Kg3 Bd7 42. Qe4+ Kf8 43. Qxc2 1-0

[Event "Titled Tuesday intern op 22nd June"]
[Site "Chess.com INT"]
[Date "2021.06.22"]
[Round "8"]
[White "Adelman, Charles D"]
[Black "Kalajzic, Ivan"]
[Result "1/2-1/2"]
[WhiteElo "2268"]
[BlackElo "2112"]
[PlyCount "125"]
[EventDate "2021.06.22"]
[EventType "swiss (blitz)"]
[EventRounds "11"]
[EventCountry "USA"]
[SourceTitle "CBM 203 Extra"]
[Source "ChessBase"]
[SourceDate "2021.09.30"]
[SourceVersion "1"]
[SourceVersionDate "2021.09.30"]
[SourceQuality "1"]

1. Nf3 Nc6 2. c4 e5 3. Nc3 Bc5 4. g3 d6 5. Bg2 Bg4 6. 0-0 Qd7 7. Re1 Bh3 8. Bh1 h5 9. e3 Bb6 10. d4 Nge7 11. c5 dxc5 12. dxe5 Qxd1 13. Rxd1 Bg4 14. Re1 Bxf3 15. Bxf3 0-0-0 16. Na4 Nxe5 17. Be2 Ba5 18. Rd1 Rxd1+ 19. Bxd1 Rd8 20. Bxh5 b6 21. f4 g6 22. Be2 Nd3 23. Nc3 Bxc3 24. bxc3 Nxc1 25. Rxc1 Rd2 26. Bc4 f6 27. Be6+ Kb7 28. Bb3 Nf5 29. e4 Ne3 30. Re1 Nc2 31. Rc1 Ne3 32. Re1 Nc2 33. Rc1 Na3 34. Re1 c4 35. Bd1 Nb5 36. e5 fxe5 37. fxe5 Nxc3 38. Bf3+ c6 39. e6 Rd8 40. e7 Re8 41. Re6 Nd5 42. Bxd5 cxd5 43. Kf2 Kc7 44. Ke3 Kd7 45. Rxg6 Rxe7+ 46. Kd4 Re2 47. Kxd5 c3 48. Rd6+ Kc8 49. Rc6+ Kb7 50. Rxc3 Rxh2 51. a3 b5 52. Ke4 a5 53. g4 Kb6 54. g5 b4 55. axb4 axb4 56. Rg3 Rh8 57. g6 Kc5 58. Kf5 Kc4 59. g7 Rg8 60. Kf6 b3 61. Rxb3 Kxb3 62. Kf7 Rxg7+ 63. Kxg7 1/2-1/2

[Event "Titled Tuesday intern op 22nd June"]
[Site "Chess.com INT"]
[Date "2021.06.22"]
[Round "4"]
[White "Adelman, Charles D"]
[Black "Ronka, Erik"]
[Result "1-0"]
[WhiteElo "2268"]
[BlackElo "2303"]
[PlyCount "73"]
[EventDate "2021.06.22"]
[EventType "swiss (blitz)"]
[EventRounds "11"]
[EventCountry "USA"]
[SourceTitle "CBM 203 Extra"]
[Source "ChessBase"]
[SourceDate "2021.09.30"]
[SourceVersion "1"]
[SourceVersionDate "2021.09.30"]
[SourceQuality "1"]

1. Nf3 g6 2. c4 Bg7 3. Nc3 d6 4. g3 e5 5. Bg2 f5 6. d3 h6 7. 0-0 Nf6 8. Nd2 0-0 9. Rb1 Nc6 10. b4 g5 11. b5 Ne7 12. a4 Rb8 13. a5 b6 14. axb6 axb6 15. Qb3 Kh8 16. Ra1 Bb7 17. Nd5 f4 18. Nxe7 Qxe7 19. Bxb7 Rxb7 20. Ne4 Nxe4 21. dxe4 g4 22. Ra3 Qf7 23. Qd3 Qh5 24. f3 fxg3 25. hxg3 Qh3 26. f4 h5 27. Rf2 exf4 28. Bxf4 Rxf4 29. gxf4 Qh4 30. Rh2 Qf6 31. Rxh5+ Bh6 32. Ra8+ Kg7 33. Qd5 Qxf4 34. Qg8+ Kf6 35. Rxh6+ Qxh6 36. Rf8+ Ke5 37. Qd5# 1-0

[Event "Titled Tuesday intern op 15th June"]
[Site "Chess.com INT"]
[Date "2021.06.15"]
[Round "4"]
[White "Adelman, Charles D"]
[Black "Marcinczyk, Monika"]
[Result "0-1"]
[WhiteElo "2268"]
[BlackElo "2090"]
[PlyCount "82"]
[EventDate "2021.06.15"]
[EventType "swiss (blitz)"]
[EventRounds "11"]
[EventCountry "USA"]
[SourceTitle "CBM 203 Extra"]
[Source "ChessBase"]
[SourceDate "2021.09.30"]
[SourceVersion "1"]
[SourceVersionDate "2021.09.30"]
[SourceQuality "1"]

1. Nf3 Nf6 2. c4 c5 3. Nc3 g6 4. g3 Bg7 5. Bg2 0-0 6. 0-0 d5 7. cxd5 Nxd5 8. Nxd5 Qxd5 9. d3 Nc6 10. Be3 Bxb2 11. Rb1 Bg7 12. Nd4 Qxa2 13. Nxc6 bxc6 14. Bxc6 Bh3 15. Bxa8 Bxf1 16. Bf3 Bh3 17. Bxc5 Bf6 18. Rb7 Rc8 19. Rxa7 Qb2 20. Rb7 Rxc5 21. Rxb2 Bxb2 22. Bg2 Be6 23. Bf3 Rc1 24. Qxc1 Bxc1 25. Kg2 Bb2 26. e3 Bb3 27. d4 e5 28. dxe5 Bxe5 29. h4 Kg7 30. h5 g5 31. Be4 h6 32. Bf5 Be6 33. Bd3 f5 34. f4 Bf6 35. fxg5 hxg5 36. e4 f4 37. gxf4 gxf4 38. Kf3 Be5 39. Bf1 Kh6 40. Bg2 Kxh5 41. Bf1 Kh4 0-1

[Event "Titled Tuesday intern op 15th June"]
[Site "Chess.com INT"]
[Date "2021.06.15"]
[Round "1"]
[White "Adelman, Charles D"]
[Black "Molina, Roberto Junio Brito"]
[Result "0-1"]
[WhiteElo "2268"]
[BlackElo "2434"]
[PlyCount "114"]
[EventDate "2021.06.15"]
[EventType "swiss (blitz)"]
[EventRounds "11"]
[EventCountry "USA"]
[SourceTitle "CBM 203 Extra"]
[Source "ChessBase"]
[SourceDate "2021.09.30"]
[SourceVersion "1"]
[SourceVersionDate "2021.09.30"]
[SourceQuality "1"]

1. Nf3 d5 2. b3 Bg4 3. Bb2 Nd7 4. g3 e6 5. Bg2 Ngf6 6. 0-0 Bd6 7. d3 Qe7 8. Nbd2 Ba3 9. Qc1 Bxb2 10. Qxb2 0-0 11. c4 c6 12. b4 a5 13. a3 e5 14. b5 e4 15. Nd4 c5 16. f3 cxd4 17. fxg4 exd3 18. Qxd4 dxe2 19. Rfe1 dxc4 20. Bf3 Rad8 21. Rxe2 Qc5 22. Qxc5 Nxc5 23. Nxc4 Nb3 24. Rb1 Nd4 25. Rf2 Nxf3+ 26. Rxf3 Nxg4 27. Nxa5 Rd7 28. Rb2 Rc8 29. h3 Ne5 30. Re3 f6 31. Kg2 Kf7 32. Nb3 b6 33. Nd2 Nd3 34. Ra2 Ne5 35. Nf3 Ng6 36. a4 Ra8 37. Rc3 Ne7 38. Kf2 h5 39. Nd2 Rda7 40. Nc4 Rxa4 41. Rxa4 Rxa4 42. Nxb6 Rb4 43. Rc5 g5 44. Nd7 Ke6 45. Nf8+ Kd6 46. Rc2 Rxb5 47. Re2 Re5 48. Ra2 Nc6 49. Ra6 Rc5 50. Nh7 Ke7 51. Ra8 Kf7 52. Nf8 Ne5 53. Rd8 Rc2+ 54. Ke3 Rc3+ 55. Ke4 Rxg3 56. Nd7 Nxd7 57. Rxd7+ Kg6 0-1

[Event "Titled Tuesday intern op 15th June"]
[Site "Chess.com INT"]
[Date "2021.06.15"]
[Round "7"]
[White "Ichimura G Barbosa, Larissa Yuki"]
[Black "Adelman, Charles D"]
[Result "0-1"]
[WhiteElo "2007"]
[BlackElo "2268"]
[PlyCount "37"]
[EventDate "2021.06.15"]
[EventType "swiss (blitz)"]
[EventRounds "11"]
[EventCountry "USA"]
[SourceTitle "CBM 203 Extra"]
[Source "ChessBase"]
[SourceDate "2021.09.30"]
[SourceVersion "1"]
[SourceVersionDate "2021.09.30"]
[SourceQuality "1"]

1. e4 Nf6 2. e5 Nd5 3. c4 Nb6 4. d4 d6 5. Nf3 g6 6. Bf4 Bg7 7. Nc3 0-0 8. Be2 Nc6 9. exd6 cxd6 10. 0-0 Bg4 11. c5 dxc5 12. dxc5 Nd7 13. Nb5 a6 14. Nc7 Rc8 15. Nd5 Nxc5 16. Ne3 Bxf3 17. Bxf3 Nd3 18. Bg3 Nxb2 19. Rb1 0-1

[Event "Titled Tuesday intern op 15th June"]
[Site "Chess.com INT"]
[Date "2021.06.15"]
[Round "2"]
[White "Suvorov, Alexander David"]
[Black "Adelman, Charles D"]
[Result "1-0"]
[WhiteElo "2353"]
[BlackElo "2268"]
[PlyCount "83"]
[EventDate "2021.06.15"]
[EventType "swiss (blitz)"]
[EventRounds "11"]
[EventCountry "USA"]
[SourceTitle "CBM 203 Extra"]
[Source "ChessBase"]
[SourceDate "2021.09.30"]
[SourceVersion "1"]
[SourceVersionDate "2021.09.30"]
[SourceQuality "1"]

1. d4 Nf6 2. c4 e6 3. Nc3 c5 4. d5 exd5 5. cxd5 d6 6. Bf4 a6 7. a4 g6 8. e3 Bg7 9. Nf3 Bg4 10. Qb3 Bxf3 11. gxf3 b6 12. h3 0-0 13. Be2 Ne8 14. Ne4 h6 15. h4 f5 16. Nd2 Nd7 17. Nc4 Qc7 18. Rg1 Kh7 19. Rd1 b5 20. axb5 axb5 21. Qxb5 Rb8 22. Qc6 Qxc6 23. dxc6 Ne5 24. Bxe5 dxe5 25. Rd7 Rc8 26. h5 Rxc6 27. Bd3 Rc7 28. Rxc7 Nxc7 29. Rxg6 Kh8 30. Nd6 Ra8 31. Nxf5 Ra1+ 32. Kd2 Nd5 33. Nxg7 Nb4 34. Ne6 Ra2 35. Rxh6+ Kg8 36. Rg6+ Kf7 37. Bc4 Rxb2+ 38. Kc3 Rc2+ 39. Kb3 Rxf2 40. Ng5+ Kf8 41. h6 Rh2 42. h7 1-0